| 000 | 01065nac a22002051u 4500 | ||
|---|---|---|---|
| 010 | _a2001045226 | ||
| 020 | _a0072510226 (alk. paper) | ||
| 082 | 0 | 0 |
_a658.84 _bM6973 |
| 090 |
_c1198 _d1198 |
||
| 100 | _a20080729 | ||
| 245 | 0 | 0 |
_aInternet marketing : _bbuilding advantage in the networked economy / _cRafi Mohammed ... [et al.]. |
| 260 |
_aBoston : _bMcGraw-Hill/Irwin marketspaceU, _cc2002. |
||
| 300 |
_axli, 726 p. : _bill. ; _c26 cm. + _e1 computer optical disc (4 3/4 in.) |
||
| 504 | _aIncludes bibliographical references and index. | ||
| 538 | _aSystem requirements for accompanying computer disc: requires Windows 95, Windows 98, Windows Me, Windows 2000, Microsoft Office 97 with SR1 or later, or Microsoft Office 2000, or Microsoft Office XP, Internet Explorer 4.0 or higher. | ||
| 650 | 0 | _aInternet marketing. | |
| 700 | 1 | _aMohammed, Rafi. | |
| 942 |
_cBB _k658.84M6973 |
||
| 999 |
_c1198 _d1198 |
||